[Event "Helsinki-ch 2011 Group M"]
[Site "Helsinki"]
[Date "2011.??.??"]
[Round "10"]
[White "Turtiainen, Tauno"]
[Black "Munukka, Timo"]
[Result "1-0"]
[WhiteElo "2017"]
[BlackElo "2038"]
[PlyCount "103"]
[EventDate "2010.12.27"]
[EventType "tourn"]
[EventRounds "11"]
[EventCountry "FIN"]
[SourceTitle "EXT 2022"]
[Source "ChessBase"]
[SourceDate "2021.10.06"]
[SourceVersion "1"]
[SourceVersionDate "2021.10.06"]
[SourceQuality "1"]

1. e4 d6 2. d4 e5 3. Nf3 Nd7 4. Bc4 Be7 5. c3 Ngf6 6. Bxf7+ Kxf7 7. Ng5+ Kg8 8. Ne6 Qe8 9. Nxc7 Qf7 10. Nxa8 Bd8 11. dxe5 dxe5 12. Be3 b6 13. Qa4 Nc5 14. Bxc5 bxc5 15. Nd2 h6 16. 0-0-0 Kh7 17. Nf3 Ng4 18. Rhf1 Qb7 19. h3 Qxa8 20. hxg4 Bxg4 21. Rd5 Bxf3 22. gxf3 Bg5+ 23. Kc2 Qf8 24. Rxe5 Qxf3 25. Qc4 Rd8 26. Rd5 Re8 27. e5 Kh8 28. Rxc5 Rd8 29. b4 Rd2+ 30. Kb3 Qf5 31. Rc8+ Kh7 32. Qg8+ Kg6 33. Rc6+ Kh5 34. Rh1+ Bh4 35. Qe8+ g6 36. Qxg6+ Qxg6 37. Rxg6 Kxg6 38. Rxh4 Rxf2 39. Re4 Kf7 40. e6+ Ke7 41. a4 Rf6 42. Kc4 Rxe6 43. Rxe6+ Kxe6 44. Kd4 h5 45. Ke4 h4 46. c4 h3 47. Kf3 Ke5 48. c5 h2 49. Kg2 Kd5 50. a5 a6 51. Kxh2 Kc6 52. Kg3 1-0